Quizzes
Events
Quiz Creation
Community
Videos
Private Events
Remove Ads
Sign In
Join for FREE
Feedback
Dark Mode
Quiz Categories
Sports
Geography
Music
Movies
Television
Just For Fun
Miscellaneous
History
Literature
Language
Science
Gaming
Entertainment
Religion
Holiday
For Kids
Quiz Lab
Recent
Popular Today
Quiz Kudos Today
Editor Picks
Curator Picks
Quizzes by...
Day
Popularity
Type
Ratings
Length
Year
Community
Subscriptions
Recent Discussions
Orange Saloon
Badges
Playlists
Quests
Create
Leaderboards
Showdown
Live 5
Trivia Bingo
Activity
Puzzle Library
Sporcle Events
Private Events
Virtual Trivia
Globe League
Become a Host
Pub Owners
SporcleCon
Opinionation
Our Games
Videos
Blog
Mobile Apps
Partnerships
Remove Ads and Go Orange
Feedback
Movies
Disney
Marvel Cinematic Universe
Movie Resume
Movie Titles
Oscar
Actor
Actress
Director
Pixar
Role
Movie Quotes
Movie Characters
Box Office
Nominee
Best Picture
Star Wars
James Bond
Horror Movies
Movies
Disney
Marvel Cinematic Universe
Movie Resume
Movie Titles
Oscar
Actor
Actress
Director
Pixar
Role
Movie Quotes
Movie Characters
Box Office
Nominee
Best Picture
Star Wars
James Bond
Horror Movies
Random Quiz
Search Sporcle
×
Quiz Lab
Quiz Lab
Movies
Clickable
Select answers by clicking on text or image buttons
Select answers by clicking on text or image buttons
Clickable
Best Score? Go Orange.
Horror Movie Villains 2 Stats
Can you match the villains to the corresponding horror movies?
By
fringevoid
5m
42 Questions
128 Plays
128 Plays
128 Plays
Comments
Comments
Give Quiz Kudos
Give Quiz Kudos
-
- Ratings
hide this ad
More Info
Forced Order
Answers have to be entered in order
Answers have to be entered in order
Replay
Link that replays current quiz
Next Quiz
Link to next quiz in quiz playlist
You Got
0%
They Got
Avg Score
45%
Avg Friend Score
Upgrade to see
Score Distribution
Jump to the score distribution portion of the page
Score
0/42
Timer
05:00
0
Plays Today
% Correct
A Nightmare on Elm Street
89.1%
Aliens
82.8%
Halloween
82%
Friday the 13th Part 2
81.3%
The Silence of the Lambs
81.3%
Scream
79.7%
The Mummy
72.7%
Hellraiser
67.2%
Saw
64.1%
Ju-on: The Grudge
55.5%
Children of the Corn
55.5%
Critters
53.1%
Ringu
53.1%
Tremors
50.8%
Pan's Labyrinth
50.8%
Pet Sematary
50.8%
Saw II
50%
Wishmaster
48.4%
Sinister
48.4%
Insidious
48.4%
I Know What You Did Last Summer
46.1%
% Correct
Re-Animator
45.3%
ThanksKilling
44.5%
Silent Hill
41.4%
Demonic Toys
39.8%
Wrong Turn
39.8%
The Texas Chainsaw Massacre 2
39.1%
Cannibal Holocaust
37.5%
Insidious: The Last Key
35.9%
The Wolf Man
35.2%
The Dentist
33.6%
Puppet Master
32%
Silent Night, Deadly Night
30.5%
The Burning
28.1%
Bloody Pit of Horror
24.2%
From Beyond
19.5%
Ice Cream Man
17.2%
Creep
17.2%
Howling II: Your Sister Is a Werewolf
16.4%
Troll 2
13.3%
The Gingerdead Man
13.3%
Last House on Dead End Street
6.3%
Quiz Playlist
Details
Report
Send in Message
Add To Playlist
More Info:
Click the answers. There are spoilers throughout.
Clickable:
Select answers by clicking on text or image buttons
Forced Order:
Answers have to be entered in order
Last Updated: Mar 27, 2018
Quiz Scoreboard
CHALLENGE
Sign Up to Join the Scoreboard
Show All
Scores
Hide
Comments
May contain spoilers
Recently Published
College Basketball Coaching Resumes
by pancakes188
Sports
9m
Billboard Blitz: Fleetwood Mac
by CooCooCachoo
Music
15s
Presidents Visiting Landmarks
by Hejman
History
7m
More to Explore
Quiz From the Vault
Featured Blog Post
Where Did the Easter Bunny Come From?
hide this ad
You Might Also Like...
Tags
Clickable Quiz
Corresponding
horror
Today's Top Quizzes in Movies
Browse Movies
hide this ad
Today's Top Quizzes in Clickable
Browse Clickable
Top Contributed Quizzes in Movies
1
Pick 5 Posters: Directed by Spielberg
2
7-to-1: Pixar Characters
3
Pick 5 Posters: Lowest-Rated Spielberg
4
Pick 5 Posters: Directed by Scorsese
5
Sorting Actors
6
Sorting Actresses
7
Pick 5 Posters: Star & Director
8
Pick 5 Posters: Women Directed 2020s
9
12 Movies about Fictional 1960s Events
10
Multi-Oscar Nominations, One Movie, One Winner
Explore More
Trending Topics
Kpop
Harry Potter
Anime
NBA
Marvel
Crossword
Disney
Song
The Office
WWE
NFL
Soccer
Pokémon
Puzzle
Country
hide this ad
More By:
fringevoid
Quiz
Plays
Rating
Category
Featured
Created
Horror Movie Villains
321
4.00
Movies
Mar 11, 2017
Sleepaway Camp (1983) Trivia
270
5.00
Movies
Mar 29, 2018
Horror Movie Minefield: 1980
239
5.00
Movies
Mar 27, 2018
Friday the 13th (1980) Trivia
236
5.00
Movies
Mar 28, 2018
Infamous Wrestling Quotes 2 (clickable)
234
5.00
Entertainment
Mar 26, 2017
Go to Creator's Profile
Score Distribution
Quiz Creator Spotlight
fringevoid
Follow
Send a Message
Quizzes Created
-
Created Quiz Play Count
-
More By This Creator
Popular Quizzes Today
1
Find the US States - No Outlines Minefield
2
Find the Countries of Europe - No Outlines Minefield
3
The Countries of the World
4
Find the US States
5
Risky Map Clicking: Biggest States A-Z
6
US States
7
Popular People in 1961
8
Movies - When Are They Set?
More Movies Quizzes
Biographical Best Picture Winners
Editor's Pick
Trending Quizzes
Risky Map Clicking: Least Populous States A-Z
1-10 Letter G Words
1-10 Letter F Words
Risky Map Clicking: Next State Alphabetically
Click the Washington State Counties! (Map)
Recently Updated
Leaping Animals
pecheneg
Reality TV Shows (A-Z)
bhenderson79
Rickey Henderson's Hall of Fame Teammates
pecheneg
Champions League XIs: Arsenal
pecheneg
Quick Pick: Celebrities in WWE's Hall of Fame
aduchscher
A-Z Keypad Blitz II
pecheneg
Multiple Oscar Actors
pecheneg
Mystery Phrase Blitz: Oscar 'Best Actors'
pecheneg
F. Scott Fitzgerald Novels
LTH
Pick 3 Villains
ddd62291
Trending Topics
Harry Potter
Crossword
NBA
Disney
Anime
Marvel
Kpop
Country
Puzzle
NFL
Pokémon
The Office
WWE
Song
Soccer
Your Account Isn't Verified!
In order to create a playlist on Sporcle, you need to verify the email address you used during registration. Go to your
Sporcle Settings
to finish the process.
Report this User
Report this user for behavior that violates our
Community Guidelines
.
Details:
Send Report
Go to the Sporcle.com Mobile Site →
Comments